| 000 | 00801nam a22002057a 4500 | ||
|---|---|---|---|
| 999 |
_c13881 _d13881 |
||
| 003 | AR-CdUCM | ||
| 008 | 190416b ||||| |||| 00| 0 spa d | ||
| 040 |
_aMUNICIPALIDAD PROVINCIAL DEL CUSCO _cBIBLIOTECA MUNICIPAL DEL CUSCO |
||
| 082 |
_aC / 869.56 / _bS88 |
||
| 100 |
_aSueldo Guevara, Ruben _96569 |
||
| 245 |
_aNarradores cusqueños : _bestudio preliminar, antología y notas / |
||
| 260 |
_aLima : _bLetras Perunas, _c1967. |
||
| 300 |
_a250 páginas ; _c22 cm. |
||
| 505 | _aNarración cuzqueña -- de la tradición oral -- Inca Garcilaso de la Vega -- Francisco de Avila -- Diego de esquivel y Navia -- Clorinda Matto de Turner... | ||
| 650 |
_aLiteratura. _983 |
||
| 650 |
_aCronistas. _91200 |
||
| 650 |
_aTradición cusqueña. _932484 |
||
| 942 |
_2ddc _cLIBROS |
||
| 945 |
_awfj _d2019-04-16 |
||